00780 2200181 4500001002100000005001500021035002000036245005500056100001200111250001000123300002500133260004300158082000800201084001400209020002200223650001400245520033900259INLIS00000000000043620210326094812 a0010-03210002631 aRaup Rupiah dengan usaha Budidaya Garam /cMawaidi0 aMawaidi acet.1 a120hal. ;c14,8x21cm aSleman, Yogyakarta :bLiterindo,c2016 a664 a664 MAW r a978-602-98197-4-8 4aTeknologi aGaram adlah salah satu bumbu dapur yang penting. Hampir semua masakan menggunakan garam. Garam juga bermanfaat bagi kesehatan tubuh. Maka dari itu, budidaya garam sangatlah mendatangkan keuntungan. Pemerintah sudah mencanangkan Indonesia bebas impor garam. Dengan begitu, pembudidayaan garam sangatlah cocok dengan program pemerintah.